Protimonopolná politika (legislatíva v SR a v štátoch EÚ) bakalárska práca

Salvato in:
Dettagli Bibliografici
Autore principale: Tomášová, Viktória
Ente Autore: Fakulta podnikového manažmentu EU. Katedra podnikovohospodárska
Altri autori: Strieška, Ľubomír
Natura: Libro
Lingua:slovacco
Pubblicazione: Bratislava 2009
Tags: Aggiungi Tag
Nessun Tag, puoi essere il primo ad aggiungerne!!

MARC

LEADER 00000nam$a2200000$$$4500
001 0102199
005 20240319130305.1
041 0 |a slo 
044 |a SK 
245 1 0 |a Protimonopolná politika (legislatíva v SR a v štátoch EÚ)  |b bakalárska práca  |c Viktória Tomášová ; škol. Ľubomír Strieška 
264 1 |a Bratislava  |c 2009 
300 |a 39 s. 
100 1 |a Tomášová, Viktória 
700 1 |a Strieška, Ľubomír 
710 2 |a Fakulta podnikového manažmentu EU. Katedra podnikovohospodárska